Southville International School and Colleges
Your cart is empty.
  • Cart
  • Lists
    Public lists Eva Luna New books Lux_list list_1
    Your lists Log in to create your own lists
  • Log in to your account
  • Your cookies
  • Search history
Southville International School and Colleges
  • Advanced search
  • Recent comments
  • Most popular
  • Libraries

Log in to your account

Log in with GOOGLE


If you do not have an external account, but do have a local account, you can still log in:

  1. Home
  2. MARC view: Kisses from Katie :
Normal view MARC view ISBD view

Kisses from Katie : (Record no. 345465)

[ view plain ]
MARC details
000 -LEADER
fixed length control field 00790nam a2200301Ia 4500
008 - FIXED-LENGTH DATA ELEMENTS--GENERAL INFORMATION
fixed length control field 171120s9999 xx 000 0 und d
020 ## - INTERNATIONAL STANDARD BOOK NUMBER
International Standard Book Number 9.7814516121e+012
050 ## - LIBRARY OF CONGRESS CALL NUMBER
Classification number 362.73
050 ## - LIBRARY OF CONGRESS CALL NUMBER
Item number D262 2011
100 ## - MAIN ENTRY--PERSONAL NAME
Personal name Davis, Katie
245 ## - TITLE STATEMENT
Title Kisses from Katie :
245 ## - TITLE STATEMENT
Remainder of title a story of relentless love and redeption /
245 ## - TITLE STATEMENT
Statement of responsibility, etc by Katie Davis and Beth Clark.
260 ## - PUBLICATION, DISTRIBUTION, ETC. (IMPRINT)
Place of publication, distribution, etc New York :
260 ## - PUBLICATION, DISTRIBUTION, ETC. (IMPRINT)
Name of publisher, distributor, etc Howard Books,
260 ## - PUBLICATION, DISTRIBUTION, ETC. (IMPRINT)
Date of publication, distribution, etc 2011
300 ## - PHYSICAL DESCRIPTION
Extent xxi, 280 pages :
300 ## - PHYSICAL DESCRIPTION
Other physical details illustrations (some colored) ;
300 ## - PHYSICAL DESCRIPTION
Dimensions 21cm.
650 ## - SUBJECT ADDED ENTRY--TOPICAL TERM
Topical term or geographic name as entry element Davis, Katie --
650 ## - SUBJECT ADDED ENTRY--TOPICAL TERM
Topical term or geographic name as entry element Orphans --
650 ## - SUBJECT ADDED ENTRY--TOPICAL TERM
Topical term or geographic name as entry element Orphans --
650 ## - SUBJECT ADDED ENTRY--TOPICAL TERM
General subdivision 1988-
650 ## - SUBJECT ADDED ENTRY--TOPICAL TERM
General subdivision Services for -- Udanda.
650 ## - SUBJECT ADDED ENTRY--TOPICAL TERM
General subdivision Uganda -- Social conditions.
700 ## - ADDED ENTRY--PERSONAL NAME
Personal name Clark, Beth.
700 ## - ADDED ENTRY--PERSONAL NAME
Personal name Title.
Holdings
Withdrawn status Lost status Damaged status Home library Current library Date acquired Total Checkouts Full call number Barcode Date last seen Price effective from Koha item type
      Stonyhurst Southville International School (Malarayat) Stonyhurst Southville International School (Malarayat) 11/20/2017   REL 362.73 D262 2011 SSISM4509 11/20/2017 11/20/2017 Books

Kisses from Katie :

APA

Davis K., Clark B. & Title.Kisses from Katie. New York: .

Chicago

Davis Katie, Clark Beth and Title.Kisses from Katie. New York: .

Harvard

Davis K., Clark B. and Title.Kisses from Katie. New York: .

MLA

Davis Katie, Clark Beth and Title.New York: . .

  • Place hold
  • Print
  • Cite
  • Add to your cart (remove)
  • Save record
    BIBTEX Dublin Core MARCXML MARC (non-Unicode/MARC-8) MARC (Unicode/UTF-8) MARC (Unicode/UTF-8, Standard) MODS (XML) RIS
  • More searches
    Search for this title in:
    Other Libraries (WorldCat) Other Databases (Google Scholar) Online Stores (Bookfinder.com) Open Library (openlibrary.org)

Exporting to Dublin Core...

SOUTHVILLE LIBRARY

Southville International School and Colleges Library

1281 Tropical Ave. Cor. Luxembourg St., BF Homes International, Las Pinas City

Tel. No. 8256374 / 252358 Loc. 117/146

Powered by Koha